000 00440nam a2200157Ia 4500
008 210210b2002 xxu||||| |||| 00| 0 eng d
020 _a81 7033 713 5
082 _a791.43 JAIF
100 _aJAIN (Jasbir) and RAI (Sudha). eds.
245 _aFilms and feminism: essays in indian cinema.
260 _aJaipur
_bRawat Publications
_c2002
300 _a280
650 _aFilms Indian Cinema Feminism
690 _aCinema
906 _a060539
999 _c107451
_d107451